| 000 | 00811nam a2200253 i 4500 | ||
|---|---|---|---|
| 001 | bg | ||
| 100 | 1 | _aZAWADZKA, Zofia | |
| 245 | 1 | 0 |
_aSystemy bankowe : _bprzykład Republiki Federalnej Niemiec / _cZofia Zawadzka. |
| 250 | _aWyd. 3 uzup. | ||
| 260 |
_aWarszawa : _b"Poltext", _c1997. |
||
| 300 |
_a135, [1] s. : _bil. ; _c21 cm. |
||
| 490 | 1 | _aStudia Finansowo-Bankowe / Szkoła Główna Handlowa | |
| 504 | _aBibliogr. | ||
| 650 | 9 |
_aBanki _zNiemcy _yod 1990 r. |
|
| 830 | 0 | _aStudia Finansowo-Bankowe (Szkoła Główna Handlowa) | |
| 020 | _a8385366644 | ||
| 040 | _cBPK | ||
| 041 | 0 | _apl | |
| 080 | _a336.71(430)"1990/..." | ||
| 920 | _a83-85366-64-4 | ||
| 942 | _cKS | ||
| 008 | s pl f |000 0 pol | ||
| 999 |
_c41767 _d41767 |
||
| 856 |
_uhttp://koha.tu.koszalin.pl/cgi-bin/koha/opac-detail.pl?biblionumber=41767 _yKatalog online BPK |
||